LEADER 02602nam 22004093 450 001 9910795985903321 005 20240102112648.0 010 $a9789464280388$b(electronic bk.) 010 $z9789464280364 035 $a(MiAaPQ)EBC30003700 035 $a(Au-PeEL)EBL30003700 035 $a(CKB)24826268900041 035 $a(EXLCZ)9924826268900041 100 $a20220917d2022 uy 0 101 0 $aeng 135 $aurcnu|||||||| 181 $ctxt$2rdacontent 182 $cc$2rdamedia 183 $acr$2rdacarrier 200 14$aThe Early Modern Zagori of Northwest Greece $eAn Interdisciplinary Archaeological Inquiry into a Montane Cultural Landscape 205 $a1st ed. 210 1$aLeiden :$cSidestone Press,$d2022. 210 4$d©2022. 215 $a1 online resource (207 pages) 311 08$aPrint version: Moudopoulos-Athanasiou, Faidon The Early Modern Zagori of Northwest Greece Leiden : Sidestone Press,c2022 9789464280364 330 $aLandscape-archaeology projects have had a significant impact on our understanding of the deep history of the Greek countryside, but have overwhelmingly been limited to the plains and have rarely placed the Ottoman period at their core. This investigation of Zagori in Northwest Greece explores the archaeology and cultural history of a mountainous area that famously thrived in the Ottoman period. This engagement with an upland region in the early modern period sheds light on previously neglected aspects of Greek landscape history. The inclusive methodology combines critical historiography, archival research, oral history and landscape-archaeological survey to achieve novel insights into this montane landscape and its distinctive history and cultural heritage.Contrary to the dominant nationalist historiography, it demonstrates the continuity of regional elites from the Byzantine to Ottoman period in Epirus and reveals how this shaped settlement patterns and elite/non-elite sedentary adaptations in this montane region. It also gives voice from within to the labour-intensive, engendered, cultural landscape of the Zagori peasantry and challenges the view of external scholarly observers that mountains support a predominantly pastoral way of life. 606 $aLandscape archaeology$zGreece$zZagori 615 0$aLandscape archaeology 676 $a949.53 700 $aMoudopoulos-Athanasiou$b Faidon$01464276 801 0$bMiAaPQ 801 1$bMiAaPQ 801 2$bMiAaPQ 906 $aBOOK 912 $a9910795985903321 996 $aThe Early Modern Zagori of Northwest Greece$93673856 997 $aUNINA LEADER 04840nam 22007335 450 001 9910298312803321 005 20251116154222.0 010 $a3-319-03931-8 024 7 $a10.1007/978-3-319-03931-2 035 $a(CKB)2550000001199582 035 $a(EBL)1697899 035 $a(OCoLC)876414464 035 $a(SSID)ssj0001177923 035 $a(PQKBManifestationID)11793941 035 $a(PQKBTitleCode)TC0001177923 035 $a(PQKBWorkID)11167932 035 $a(PQKB)10115599 035 $a(MiAaPQ)EBC1697899 035 $a(DE-He213)978-3-319-03931-2 035 $a(PPN)176108807 035 $a(iGPub)SPNA0031965 035 $a(EXLCZ)992550000001199582 100 $a20140121d2014 u| 0 101 0 $aeng 135 $aur|n|---||||| 181 $ctxt 182 $cc 183 $acr 200 14$aThe Evolution of Mammalian Sociality in an Ecological Perspective /$fby Clara B. Jones 205 $a1st ed. 2014. 210 1$aCham :$cSpringer International Publishing :$cImprint: Springer,$d2014. 215 $a1 online resource (118 p.) 225 1 $aSpringerBriefs in Ecology,$x2192-4759 300 $aDescription based upon print version of record. 311 08$a3-319-03930-X 320 $aIncludes bibliographical references at the end of each chapters and index. 327 $a1.Introduction: Definitions, Background -- 2. Competition For Limiting Resources, Hamilton?s Rule And Chesson?s R* -- 3. Flexible And Derived Varieties of Mammalian Social Organization: Promiscuity In Aggregations May Have Served As A Recent ?Toolkit? Giving Rise To ?Sexual Segregation?, Polygynous Social Structures, Monogamy, Polyandry And Leks Abstract -- 4. Multimale-Multifemale Groups And ?Nested? Architectures: Collaboration Among Mammalian Males -- 5. Higher ?Grades? Of Sociality In Class Mammalia: Primitive Eusociality -- 6. Ecological Models As Working Paradigms For ?Unpacking? Positive And Negative Interactions Among Social Mammals -- 7. Mechanisms Underlying The Behavioral Ecology Of Group Formation -- 8. The Evolution Of Mammalian Sociality By Sexual Selection -- 9. Proximate Causation: Functional Traits And The Ubiquity Of Signaler To Receiver Interactions: From Biochemical To Whole Organism Levels Of Mammalian Social Organization -- 10. Synopsis. 330 $aThis brief discusses factors associated with group formation, group maintenance, group population structure, and other events and processes (e.g., physiology, behavior) related to mammalian social evolution. Within- and between-lineages, features of prehistoric and extant social mammals, patterns and linkages are discussed as components of a possible social ?tool-kit?.  "Top-down? (predators to nutrients), as well as ?bottom-up? (nutrients to predators) effects are assessed.  The present synthesis also emphasizes outcomes of Hebbian (synaptic) decisions on Malthusian parameters (growth rates of populations) and their consequences for (shifting) mean fitnesses of populations.  Ecology and evolution (EcoEvo) are connected via the organism?s ?norms of reaction? (genotype x environment interactions; life-history tradeoffs of reproduction, survival, and growth) exposed to selection, with the success of genotypes influenced by intensities of selection as well as neutral (e.g. mutation rates) and stochastic effects.  At every turn, life history trajectories are assumed to arise from ?decisions? made by types responding to competition for limiting resources constrained by Hamilton?s rule (inclusive fitness operations). 410 0$aSpringerBriefs in Ecology,$x2192-4759 606 $aAnimal ecology 606 $aEcology 606 $aEvolution (Biology) 606 $aApplied ecology 606 $aAnimal Ecology$3https://scigraph.springernature.com/ontologies/product-market-codes/L19015 606 $aTheoretical Ecology/Statistics$3https://scigraph.springernature.com/ontologies/product-market-codes/L19147 606 $aEvolutionary Biology$3https://scigraph.springernature.com/ontologies/product-market-codes/L21001 606 $aApplied Ecology$3https://scigraph.springernature.com/ontologies/product-market-codes/L19023 615 0$aAnimal ecology. 615 0$aEcology. 615 0$aEvolution (Biology) 615 0$aApplied ecology. 615 14$aAnimal Ecology. 615 24$aTheoretical Ecology/Statistics. 615 24$aEvolutionary Biology. 615 24$aApplied Ecology. 676 $a599.138 700 $aJones$b Clara B.$4aut$4http://id.loc.gov/vocabulary/relators/aut$01058522 801 0$bMiAaPQ 801 1$bMiAaPQ 801 2$bMiAaPQ 906 $aBOOK 912 $a9910298312803321 996 $aThe Evolution of Mammalian Sociality in an Ecological Perspective$92500522 997 $aUNINA